00433 2200169 4500245006700000020002200067250001100089100001700100100001200117650001700129005001900146260003800165041001400203084001100217300002600228336000900254 aBuah - Buahan b : Seri Wirausahawan MudacAsep RuhimathText a978-602-8261-23-4 aCet. 1 aAsep Ruhimat aRukmini aWirausahawan a20230306102444 aDepokbBinamuda Ciptakreasic2013 aIndonesia a338.04 avi, 57 hlm. :c25 cm. atext